000 00227 a2200085 4500
020 _a 9783836535656
100 _a Philip Jodidio
245 _aSantiago Calatrava: Architect, Engineer, Artist
260 _b Taschen America Llc;
_c2016
999 _c13350
_d13350